Dans quel sons Ninho a dit... ? - Statistiques

Statistiques générales
  • Ce quiz a été pris 2 202 fois
  • Le résultat moyen est 6 sur 20
Statistiques - réponses
Phrases Musiques % Correct
Et tes copines disent que c'est mort un avenir avec NI, mais c'est p't-être William qui veut construire une famille. Lettre a une femme
87%
Relation discrète, relation parfaite, vivons cachés et on aura moins de problèmes. Dis-moi que tu m'aimes
74%
Élève dissipé d'après les dires du prof', cinq ans plus tard, son fils me demandera une to-ph'. La vie qu'on mène
61%
J'dirais qu'la vie est une grosse chienne et qu'faut pas être en chien pour la dresser. Roro
52%
Au briquet, j'ai gravé mon blaze dans l'escalier, trop de poids sur le dos, bientôt la scoliose. Goutte d'eau
45%
J'me méfie d'elle, elle aime le luxe et les locs. De l'autre coté
43%
J'ai planté le pommier, pommier, ils m'ont même pas laissé une pomme. Tout en gucci
43%
À la base c'était moi, maintenant y'a que toi car y'a toujours une reine dans le château du roi. Jamais
36%
Il est musclé, il fait l'ancien, j'ai juste envie d'le crosser histoire de voir sa grande bouche éclatée sur le sol. Jeune lossa
31%
J'suis dans le plavon ganté, jogging alligator, on fait partie des grands. Longue vie
31%
Si tu m'cherches, j'vais te trouver, j'connais l'futur comme un devin. M.I.L.S 2.0
28%
Parigo dans le carré, addition salée mais j'suis préparé. 6.3
18%
Et la cité n'est pas née hier, elle a b*isé le grand et le petit frère. Tout ira mieux
15%
J'ai rayé la jante désolé bébé j'suis pété. Versace, y'a la Médusa, j'suis désolé si j'leur fais du mal. Bucci night
13%
On partira légendaires comme les Beatles, des sous plein les poches, j'aurais p't-être la bidoche. Moto
11%
Hombre hombre t'as l'bolide, mais pas l'essence. Binks To Binks 5
8%
Deux-trois voyous dans l'Clio, attends, j'ressers un autre client. Mec de cité
6%
J'ai bibi la cess, compté dans la caisse, j'ai même pas fait l'testament. Kimono
4%
J'suis ton ami quand faut t'avancer. Sicario
3%
Le seum s'effrite, se roule et s'fume, t'inquiète pas, j'ai tout prévu. Clan des loups
1%
Aucun quiz correspondant
Distribution des résultats
% des personnes avec chaque résultat
Percentile par nombre de réponses
Votre historique - résultats
Vous n’avez pas pris ce quiz